Monty Python: I Like Traffic Lights Quiz Stats

 Plays Quiz not verified by Sporcle

Challenge
Share
Tweet
Embed
Score 0/182 Timer 05:00
0 Plays Today
Lyrics % Correct
oh
100%
God...
100%
I
98.2%
I
98.2%
I
98.2%
I
98.2%
I
98.2%
I
98.2%
I
98.2%
I
98.2%
I
98.2%
I
98.2%
I
98.2%
I
98.2%
I
98.2%
I
98.2%
I
98.2%
I
98.2%
I
98.2%
I
98.2%
I
98.2%
I
98.2%
I
98.2%
I --
98.2%
like
96.1%
like
96.1%
like
96.1%
like
96.1%
like
96.1%
like
96.1%
like
96.1%
like
96.1%
like
96.1%
like
96.1%
like
96.1%
like
96.1%
like
96.1%
like
96.1%
like
96.1%
like
96.1%
like
96.1%
like
96.1%
like
96.1%
like
96.1%
traffic
95.6%
traffic
95.6%
traffic
95.6%
traffic
95.6%
traffic
95.6%
traffic
95.6%
traffic
95.6%
traffic
95.6%
traffic
95.6%
traffic
95.6%
traffic
95.6%
traffic
95.6%
traffic
95.6%
traffic
95.6%
traffic
95.6%
traffic
95.6%
traffic
95.6%
Lyrics % Correct
traffic
95.6%
traffic
95.6%
traffic
95.6%
traffic
95.6%
traffic
95.6%
traffic
95.6%
traffic
95.6%
traffic
95.6%
traffic
95.6%
traffic
95.6%
traffic
95.6%
traffic
95.6%
traffic
95.6%
traffic
95.6%
traffic
95.6%
traffic
95.6%
lights
94.9%
lights
94.9%
lights
94.9%
lights
94.9%
lights
94.9%
lights
94.9%
lights
94.9%
lights
94.9%
lights
94.9%
lights
94.9%
lights
94.9%
lights
94.9%
lights
94.9%
lights
94.9%
lights
94.9%
lights
94.9%
lights
94.9%
lights
94.9%
lights
94.9%
lights
94.9%
lights
94.9%
lights
94.9%
lights
94.9%
lights
94.9%
lights
94.9%
lights
94.9%
lights
94.9%
lights
94.9%
lights
94.9%
lights
94.9%
lights
94.9%
lights
94.9%
lights
94.9%
green.
79.9%
green.
79.9%
red.
78.6%
red.
78.6%
they
67.6%
they
67.6%
when
60.7%
when
60.7%
when
60.7%
when
60.7%
are
59.5%
are
59.5%
Lyrics % Correct
they're
55.2%
they're
55.2%
But
53.9%
But
53.9%
But
53.9%
But
53.9%
no
51.4%
No
51.4%
only
49.2%
only
49.2%
not
48.7%
not
48.7%
not
48.7%
is
48.3%
is
48.3%
He
42.5%
He
42.5%
He
42.5%
He
42.5%
He
42.5%
He
42.5%
He
42.5%
He
42.5%
he
42.5%
He
42.5%
He
42.5%
He
42.5%
He
42.5%
He
42.5%
likes
40.6%
likes
40.6%
likes
40.6%
likes
40.6%
likes
40.6%
likes
40.6%
what
40.6%
likes
40.6%
likes
40.6%
what
40.6%
likes
40.6%
likes
40.6%
likes
40.6%
likes
40.6%
likes
40.6%
where
39.8%
where
39.8%
That
38.5%
That
38.5%
my
37.2%
matter
36.2%
matter
36.2%
said;
34.3%
said;
34.3%
been;
34.1%
been;
34.1%
they've
32.3%
they've
32.3%
name's
29.1%
Bamber;
27.3%
Although
26.9%

You're not logged in!

Compare scores with friends on all Sporcle quizzes.
OR
Log In

You Might Also Like...

Show Comments

Extras

Top Quizzes Today


Score Distribution

Your Account Isn't Verified!

In order to create a playlist on Sporcle, you need to verify the email address you used during registration. Go to your Sporcle Settings to finish the process.

Report this User

Report this user for behavior that violates our Community Guidelines.

Details: